00913cam a2200241 a 450000100100000000500170001000800410002702000150006804000300008304300210011308200160013410000610015024500690021126000850028030000430036550400320040850000190044065000380045991000280049704900090052595201200053499900170065400001104120200929162339.0700923s1970 xxcab b 001 0 eng d a0802052274 aDO-SdBNPcDLCdDLCdBNPHU an-cn-bcan-us-ak annnnbT238p1 aTaylor, Thomas M. C.,q(Mayne Cunninghame)d1904-92649710aPacific Northwest ferns and their allies /cThomas M. C. Taylor. aToronto :bUniversity of British Columbia ;bUniversity of Toronto Press,c1970. a247, [1] p. :billus., maps. ;c25 cm. aBibliography: p. [242]-244. aIncluyed index 0aFernszNorthwest, Pacific.926498 aCatalogación derivada aBNGR 001052708MOaGRbGRcCTd2009-10-13iLF1l0onnnn T238pp11041-10r2020-06-25w2020-06-25y2ZPréstamo interno c10773d10773